Efficacy of conventional banking methodologies in Micro-finance service delivery : (Record no. 26874)

MARC details
000 -LEADER
fixed length control field 006320000a22001570004500
008 - FIXED-LENGTH DATA ELEMENTS--GENERAL INFORMATION
fixed length control field 100903t xxu||||| |||| 00| 0 eng d
082 ## - DEWEY DECIMAL CLASSIFICATION NUMBER
Classification number 26874
090 ## - LOCALLY ASSIGNED LC-TYPE CALL NUMBER (OCLC); LOCAL CALL NUMBER (RLIN)
-- 26874
-- 26874
100 ## - MAIN ENTRY--PERSONAL NAME
Personal name Ovon,James
9 (RLIN) 46682
245 ## - TITLE STATEMENT
Title Efficacy of conventional banking methodologies in Micro-finance service delivery :
Remainder of title an investigative study of Centenary Rural Development Bank Ltd Micro-finance Operations /
Statement of responsibility, etc. James Ovon
260 ## - PUBLICATION, DISTRIBUTION, ETC.
Place of publication, distribution, etc. Nkozi :
Name of publisher, distributor, etc. Uganda Martyrs University,
Date of publication, distribution, etc. 2002
300 ## - PHYSICAL DESCRIPTION
Extent v, 61 p. ;
Dimensions 30 cm.
500 ## - GENERAL NOTE
General note Master of Business Administration and Management
650 ## - SUBJECT ADDED ENTRY--TOPICAL TERM
Topical term or geographic name entry element Banking-microfinance
9 (RLIN) 46683
942 ## - ADDED ENTRY ELEMENTS (KOHA)
Koha item type Master Dissertation
Source of classification or shelving scheme Dewey Decimal Classification
Holdings
Withdrawn status Lost status Source of classification or shelving scheme Damaged status Not for loan Home library Current library Date acquired Total Checkouts Full call number Barcode Date last seen Date last checked out Price effective from Koha item type
    Dewey Decimal Classification     Archbishop Kiwanuka Memorial Library Archbishop Kiwanuka Memorial Library 01/11/2008 4 26874 26874 28/11/2013 23/09/2013 01/11/2008 Master Dissertation

Archbishop Kiwanuka Memorial Library | Uganda Martyrs University P.O. Box : 5498 Kampala, Uganda
Tel : +256-(0) 382-277-901 or +256-(0) 382-410-611 / E-mail : library@umu.ac.ug